| 000 | 00779nmc a2200301 a 4500 | ||
|---|---|---|---|
| 003 | AR-BaBNM | ||
| 005 | 20251128204301.0 | ||
| 008 | 067119s1965 ||||||||||||||000 | spa|| | ||
| 040 | _cAR-BaBNM | ||
| 100 | 1 | _aDíaz Liesa, María L. | |
| 245 | 1 | 0 | _aLa educación en Roma |
| 260 |
_aBuenos Aires _bHuemul _c1965 |
||
| 300 | _a99 p. | ||
| 490 | 0 | _aBreviarios pedagógicos | |
| 504 | _aBibliografía p. 95-96 | ||
| 600 | 1 | 4 | _aCicerón, Marco Tulio |
| 600 | 1 | 4 | _aQuintiliano, Marco Fabio |
| 650 | 4 | _aHISTORIA DE LA EDUCACION | |
| 650 | 4 | _aFAMILIA | |
| 650 | 4 | _aEDUCACION FAMILIAR | |
| 650 | 4 | _aDERECHO DE FAMILIA | |
| 650 | 4 | _aSISTEMAS POLITICOS | |
| 650 | 4 | _aIMPERIO | |
| 651 | 4 | _aRoma | |
| 800 | 1 |
_aPérez, Susana _edirector |
|
| 942 | _cBK | ||
| 998 | _cCarmen | ||
| 999 |
_c6853 _d6853 |
||